[Event "4NCL Division 3"]
[Site "Daventry Court ENG"]
[Date "2014.05.04"]
[Round "10.127"]
[White "Denton, John R"]
[Black "Gardiner, Eric D"]
[Result "1-0"]
[WhiteElo "2032"]
[BlackElo "2025"]
[PlyCount "75"]
[EventDate "2014.05.04"]
[WhiteTeam "e2e4.org.uk 3"]
[BlackTeam "Bradford DCA Knights B"]

1. d4 d5 2. Nf3 Nc6 3. c4 Bg4 4. Nc3 e6 5. e3 Bb4 6. Bd2 Nf6 7. Qb3 Bxc3 8.
Bxc3 Rb8 9. Ne5 Nxe5 10. dxe5 Ne4 11. cxd5 exd5 12. Bd3 Nxc3 13. Qxc3 O-O 14.
O-O b6 15. b4 Bd7 16. b5 c5 17. bxc6 Rc8 18. Bb5 a6 19. Bxa6 Rxc6 20. Qd4 Rh6
21. Be2 Be6 22. g3 Qc7 23. Rfc1 Qb7 24. a4 Bd7 25. Bf3 Bc6 26. Rab1 Rb8 27. Rb4
Re6 28. Kg2 Qd7 29. Bg4 Qe7 30. Bxe6 Qxe6 31. Rxb6 Rc8 32. h3 h5 33. a5 h4 34.
Qg4 d4+ 35. Rcxc6 Rxc6 36. Qxe6 Rxe6 37. Rxe6 fxe6 38. exd4 1-0

[Event "4NCL Division 3"]
[Site "Daventry Court ENG"]
[Date "2014.05.04"]
[Round "10.129"]
[White "Truman, Richard G"]
[Black "Nicholson, Jim WR"]
[Result "1-0"]
[WhiteElo "1956"]
[BlackElo "2008"]
[PlyCount "95"]
[EventDate "2014.05.04"]
[WhiteTeam "e2e4.org.uk 3"]
[BlackTeam "Bradford DCA Knights B"]

1. d4 d6 2. c4 e5 3. d5 f5 4. e4 Nf6 5. exf5 Bxf5 6. Nc3 Nbd7 7. Nge2 Nc5 8.
Ng3 Bd7 9. b4 Na6 10. a3 Be7 11. Bd3 Nb8 12. O-O a5 13. Rb1 axb4 14. axb4 O-O
15. Qc2 Qe8 16. f3 Kh8 17. Be3 c6 18. Rfc1 Na6 19. dxc6 bxc6 20. b5 Nc5 21.
Bxc5 dxc5 22. b6 Rb8 23. Na4 Bc8 24. Re1 Bd6 25. Ne4 Nxe4 26. Bxe4 Qh5 27. Qf2
Rf6 28. Rb2 Rh6 29. g3 Qf7 30. Bxc6 Qxc4 31. Re4 Qc1+ 32. Qf1 Qxf1+ 33. Kxf1
Bb7 34. Bxb7 Rxb7 35. f4 Rf6 36. Rf2 exf4 37. Re8+ Rf8 38. Rxf8+ Bxf8 39. Rxf4
Kg8 40. Rxf8+ Kxf8 41. Nxc5 Rf7+ 42. Kg2 Rf5 43. b7 Rxc5 44. b8=Q+ Ke7 45. Qa7+
Kd6 46. Qxg7 Rc7 47. Qf6+ Kd7 48. Kh3 1-0

[Event "4NCL Division 3"]
[Site "Daventry Court ENG"]
[Date "2014.05.04"]
[Round "10.130"]
[White "Slinger, AJ (Tony)"]
[Black "Levens, David G"]
[Result "1-0"]
[WhiteElo "1963"]
[BlackElo "1969"]
[PlyCount "85"]
[EventDate "2014.05.04"]
[WhiteTeam "Bradford DCA Knights B"]
[BlackTeam "e2e4.org.uk 3"]

1. d4 d5 2. c4 e6 3. Nc3 Nf6 4. cxd5 exd5 5. Bg5 Nbd7 6. e3 c6 7. Bd3 Qa5 8.
Nge2 h6 9. Bh4 Be7 10. O-O O-O 11. a3 Re8 12. Qc2 Qd8 13. b4 Ne4 14. Bxe7 Qxe7
15. b5 Ndf6 16. bxc6 bxc6 17. Ng3 Nxg3 18. hxg3 Bd7 19. Na4 g6 20. Nc5 Bg4 21.
Rab1 Rab8 22. Rxb8 Rxb8 23. Rb1 Rb6 24. Rb4 Kg7 25. Qb2 Qd8 26. Na4 Rxb4 27.
Qxb4 Nd7 28. Nc5 Qb6 29. f3 Qxb4 30. axb4 Nxc5 31. dxc5 Bd7 32. Kf2 Kf6 33. Ke2
Bf5 34. Kd2 g5 35. Kc3 Bxd3 36. Kxd3 Ke5 37. g4 a6 38. Kc3 f5 39. gxf5 h5 40.
e4 dxe4 41. fxe4 Kf6 42. Kd4 h4 43. Ke3 1-0

[Event "4NCL Division 3"]
[Site "Daventry Court ENG"]
[Date "2014.05.04"]
[Round "10.135"]
[White "Littlejohns, David P"]
[Black "Williamson, Roger G"]
[Result "0-1"]
[WhiteElo "2033"]
[BlackElo "2146"]
[PlyCount "56"]
[EventDate "2014.05.04"]
[WhiteTeam "West is Best 1"]
[BlackTeam "Ferry 'Cross the Maroczy 1"]

1. e4 e5 2. Nf3 Nc6 3. Bb5 a6 4. Ba4 Nf6 5. O-O Be7 6. Re1 b5 7. Bb3 d6 8. d3
Na5 9. Nbd2 O-O 10. Nf1 Nxb3 11. axb3 c6 12. Ng3 g6 13. Bh6 Re8 14. h3 Nd7 15.
Qd2 Qc7 16. Rf1 Nc5 17. Nh2 d5 18. f4 dxe4 19. b4 Ne6 20. Nxe4 f5 21. Ng3 exf4
22. Ne2 Qd6 23. c3 c5 24. bxc5 Nxc5 25. Rad1 g5 26. Bxg5 Bxg5 27. Nf3 Bh6 28.
Ned4 Bd7 0-1

[Event "4NCL Division 3"]
[Site "Daventry Court ENG"]
[Date "2014.05.04"]
[Round "10.136"]
[White "Kee, Steve"]
[Black "Edgell, Ben P"]
[Result "1/2-1/2"]
[WhiteElo "2044"]
[BlackElo "2105"]
[PlyCount "51"]
[EventDate "2014.05.04"]
[WhiteTeam "Ferry 'Cross the Maroczy 1"]
[BlackTeam "West is Best 1"]

1. e4 e5 2. Nc3 Nf6 3. f4 d5 4. fxe5 Nxe4 5. Qf3 Nxc3 6. dxc3 Be6 7. Bf4 c6 8.
O-O-O Nd7 9. Ne2 Be7 10. Qg3 g5 11. Be3 Qc7 12. Nd4 Qxe5 13. Qxe5 Nxe5 14. Nxe6
fxe6 15. Bd4 Bf6 16. Re1 Nd7 17. Rxe6+ Kf7 18. Re3 g4 19. Bxf6 Nxf6 20. Bd3
Rae8 21. Rhe1 Rxe3 22. Rxe3 h5 23. c4 d4 24. Re5 Re8 25. Rxe8 Nxe8 26. Kd2
1/2-1/2

[Event "4NCL Division 3"]
[Site "Daventry Court ENG"]
[Date "2014.05.04"]
[Round "10.137"]
[White "Richardt, Mike"]
[Black "Bimpson, Tom"]
[Result "1/2-1/2"]
[WhiteElo "1974"]
[BlackElo "2044"]
[PlyCount "84"]
[EventDate "2014.05.04"]
[WhiteTeam "West is Best 1"]
[BlackTeam "Ferry 'Cross the Maroczy 1"]

1. d4 d6 2. Nf3 Nf6 3. c4 Bg4 4. Nc3 Bxf3 5. gxf3 c6 6. Qb3 Qc7 7. d5 Nbd7 8.
e4 g6 9. Be3 Bg7 10. Be2 O-O 11. f4 cxd5 12. Nxd5 Nxd5 13. cxd5 Nc5 14. Qc2
Qa5+ 15. Bd2 Qa4 16. Qxa4 Nxa4 17. Rb1 Rac8 18. Bc1 a6 19. O-O b5 20. Bd1 Nc5
21. Bc2 b4 22. Be3 a5 23. b3 Na4 24. bxa4 Rxc2 25. Bb6 Ra8 26. Rfc1 Rxa2 27.
Bxa5 Bb2 28. Rc2 Rxa5 29. Rcxb2 Rxb2 30. Rxb2 Rxa4 31. f3 Ra3 32. Kf2 b3 33.
Ke3 Ra2 34. Rxb3 Rxh2 35. e5 Ra2 36. Rb7 Kf8 37. Rb8+ Kg7 38. Rb7 Ra3+ 39. Ke4
f5+ 40. Kd4 Ra4+ 41. Ke3 Ra3+ 42. Kd4 Ra4+ 1/2-1/2

[Event "4NCL Division 3"]
[Site "Daventry Court ENG"]
[Date "2014.05.04"]
[Round "10.138"]
[White "Campbell, Ian"]
[Black "Taylor, William J"]
[Result "1/2-1/2"]
[WhiteElo "1999"]
[BlackElo "2004"]
[PlyCount "33"]
[EventDate "2014.05.04"]
[WhiteTeam "Ferry 'Cross the Maroczy 1"]
[BlackTeam "West is Best 1"]

1. d4 Nf6 2. Nf3 g6 3. Nbd2 d5 4. e3 Bg7 5. Bd3 c5 6. c3 cxd4 7. cxd4 Nc6 8.
O-O O-O 9. a3 a5 10. h3 Ne8 11. Rb1 a4 12. b4 axb3 13. Qxb3 Na5 14. Qb4 Nc6 15.
Qb3 Na5 16. Qb4 Nc6 17. Qb3 1/2-1/2

[Event "4NCL Division 3"]
[Site "Daventry Court ENG"]
[Date "2014.05.04"]
[Round "10.140"]
[White "Boumphrey, Luke S"]
[Black "Dydak, Mateusz"]
[Result "0-1"]
[WhiteElo "1988"]
[BlackElo "1923"]
[PlyCount "122"]
[EventDate "2014.05.04"]
[WhiteTeam "Ferry 'Cross the Maroczy 1"]
[BlackTeam "West is Best 1"]

1. e4 e6 2. d4 d5 3. Nd2 dxe4 4. Nxe4 Nd7 5. Bd3 Ngf6 6. c3 Nxe4 7. Bxe4 Nf6 8.
Bc2 Bd7 9. Nf3 Bc6 10. O-O Qd5 11. Bb3 Qh5 12. Ne5 Qxd1 13. Rxd1 Be4 14. f3 Bg6
15. Ba4+ Kd8 16. Bg5 c6 17. c4 Bd6 18. Ng4 Be7 19. d5 exd5 20. cxd5 Nxd5 21.
Bd2 Bc5+ 22. Kh1 Kc7 23. Rac1 Bd6 24. Ba5+ Nb6 25. Ne3 Rad8 26. Nd5+ Kb8 27.
Nxb6 axb6 28. Bc3 f6 29. Bd4 Bc7 30. b4 Bf7 31. a3 b5 32. Bc2 Bc4 33. Bc5 Bd5
34. a4 bxa4 35. Bxa4 b5 36. Bc2 Kb7 37. Bd3 Bb6 38. Ra1 Bxc5 39. bxc5 g6 40. h3
Bb3 41. Rd2 Rd5 42. Re2 Rxc5 43. Re7+ Kb6 44. Raa7 Rd5 45. Be2 Re5 46. Reb7+
Kc5 47. Bd3 Rd8 48. Be4 f5 49. Bxc6 Kxc6 50. Rxh7 Kc5 51. Ra6 Re6 52. Rc7+ Kb4
53. Raa7 Bc4 54. Kh2 f4 55. h4 Re1 56. Rg7 Rdd1 57. Kh3 Be6+ 58. g4 Bd5 59.
Rad7 Bxf3 60. Rxd1 Rxd1 61. h5 Rh1# 0-1

[Event "4NCL Division 3"]
[Site "Daventry Court ENG"]
[Date "2014.05.04"]
[Round "10.145"]
[White "Chan, Nevil"]
[Black "Bennett, Patrick"]
[Result "1-0"]
[WhiteElo "2012"]
[BlackElo "2021"]
[PlyCount "55"]
[EventDate "2014.05.04"]
[WhiteTeam "Cambridge University 3"]
[BlackTeam "Holmes Chapel"]

1. d4 c5 2. d5 e5 3. e4 d6 4. Be2 Be7 5. Nf3 Nf6 6. Nfd2 Nbd7 7. Nc3 a6 8. a4
b6 9. Nc4 O-O 10. O-O Bb7 11. f3 Ne8 12. f4 b5 13. axb5 axb5 14. Rxa8 Qxa8 15.
Nxb5 f5 16. fxe5 dxe5 17. exf5 Bxd5 18. Ne3 Bc6 19. Bc4+ Kh8 20. Nd5 Bd8 21.
Be3 Qb7 22. Nbc3 Qxb2 23. Qd3 e4 24. Nxe4 Ne5 25. Qb3 Nxc4 26. Qxc4 Bb5 27.
Qxc5 Rxf5 28. Qf8+ 1-0

[Event "4NCL Division 3"]
[Site "Daventry Court ENG"]
[Date "2014.05.04"]
[Round "10.146"]
[White "Doran, Chris"]
[Black "Gooding, Ian"]
[Result "0-1"]
[WhiteElo "2002"]
[BlackElo "2006"]
[PlyCount "118"]
[EventDate "2014.05.04"]
[WhiteTeam "Holmes Chapel"]
[BlackTeam "Cambridge University 3"]

1. e4 e6 2. d4 d5 3. Nd2 Be7 4. Ngf3 Nf6 5. Bd3 c5 6. c3 Nc6 7. exd5 Nxd5 8.
Ne4 cxd4 9. Nxd4 Nxd4 10. cxd4 Bd7 11. O-O Qb6 12. Qg4 g6 13. Nc5 Bb5 14. Bxb5+
Qxb5 15. Bg5 Bxg5 16. Qxg5 O-O 17. b3 b6 18. Ne4 Qd3 19. Qe5 Rac8 20. Rfd1 Qc2
21. h4 Qc7 22. Nf6+ Nxf6 23. Qxf6 Qd8 24. Qf4 Qd5 25. Rac1 Rfd8 26. Rxc8 Rxc8
27. Rd2 a5 28. Qe5 Rd8 29. Qf6 Rd7 30. Rc2 Qa8 31. h5 Qd8 32. Qxd8+ Rxd8 33.
hxg6 hxg6 34. Rc6 Rxd4 35. Rxb6 Rd1+ 36. Kh2 Rd2 37. Kg3 Rxa2 38. Ra6 Ra3 39.
Kf4 Rxb3 40. Rxa5 Rb2 41. Kg3 Kg7 42. f3 f5 43. Rc5 Kf6 44. Rc3 Re2 45. f4 g5
46. fxg5+ Kxg5 47. Kf3 Ra2 48. Re3 Ra6 49. g3 Rb6 50. Rc3 e5 51. Rc8 e4+ 52.
Kg2 Rb2+ 53. Kh3 e3 54. Rg8+ Kf6 55. Re8 e2 56. Re3 f4 57. gxf4 Rb3 58. Rxb3
e1=Q 59. Rg3 Kf5 0-1

[Event "4NCL Division 3"]
[Site "Daventry Court ENG"]
[Date "2014.05.04"]
[Round "10.147"]
[White "Campbell, Mark C"]
[Black "Turner, John M"]
[Result "1/2-1/2"]
[WhiteElo "1952"]
[BlackElo "2029"]
[PlyCount "81"]
[EventDate "2014.05.04"]
[WhiteTeam "Cambridge University 3"]
[BlackTeam "Holmes Chapel"]

1. e4 d5 2. exd5 Qxd5 3. Nc3 Qd6 4. d4 Nf6 5. Bc4 a6 6. Bb3 Nc6 7. Be3 Bf5 8.
Nf3 e6 9. Qe2 Be7 10. O-O-O Na5 11. Nh4 Nxb3+ 12. axb3 Bg4 13. f3 Bh5 14. g4
Bg6 15. Nxg6 hxg6 16. h4 O-O-O 17. Bg5 Qc6 18. f4 Rd7 19. h5 gxh5 20. gxh5 Nd5
21. Nxd5 Qxd5 22. Bxe7 Rxe7 23. Qe5 f6 24. Qxd5 exd5 25. Rdg1 Kd7 26. Rg6 Ke8
27. f5 Kf8 28. h6 Rxh6 29. Rhxh6 gxh6 30. Rxh6 Rf7 31. Kd2 Ke7 32. Ke3 Rg7 33.
Rh4 b6 34. Kf3 a5 35. Rh2 Kd6 36. Re2 Re7 37. Rxe7 Kxe7 38. Kg4 Kf7 39. Kh5 Kg7
40. Kg4 Kh6 41. Kh4 1/2-1/2

[Event "4NCL Division 3"]
[Site "Daventry Court ENG"]
[Date "2014.05.04"]
[Round "10.148"]
[White "Pearson, Raymond"]
[Black "Kreuzer, Christopher RL"]
[Result "1/2-1/2"]
[WhiteElo "1944"]
[BlackElo "1923"]
[PlyCount "104"]
[EventDate "2014.05.04"]
[WhiteTeam "Holmes Chapel"]
[BlackTeam "Cambridge University 3"]

1. c4 Nf6 2. Nc3 e5 3. Nf3 e4 4. Ng5 Qe7 5. d4 h6 6. Nh3 d5 7. cxd5 Bxh3 8.
gxh3 Qb4 9. a3 Qa5 10. Qb3 Nbd7 11. Bd2 Qb6 12. Qa4 Bd6 13. Bg2 O-O 14. e3 Qxb2
15. Rb1 Qxa3 16. Qxa3 Bxa3 17. Nb5 Bd6 18. Nxd6 cxd6 19. Rxb7 Nb6 20. Ke2 Rfb8
21. Rxb8+ Rxb8 22. Ra1 Nc4 23. Ba5 Rb2+ 24. Ke1 Nxe3 25. Bxe4 Nxe4 26. fxe3
Rxh2 27. Ra3 Nf6 28. Bb4 Nxd5 29. Bxd6 Rxh3 30. Ke2 g5 31. Ra5 Nc3+ 32. Kd3 Nd1
33. Ke2 Rxe3+ 34. Kxd1 Rd3+ 35. Ke2 Rxd4 36. Be5 Rb4 37. Ba1 Rb7 38. Kf3 Kh7
39. Ra6 Rb6 40. Rxa7 Kg6 41. Bd4 Rb3+ 42. Kg2 Rd3 43. Ra6+ Kh5 44. Bg7 f5 45.
Rxh6+ Kg4 46. Rg6 Rd2+ 47. Kg1 f4 48. Bh6 Kh5 49. Rxg5+ Kxh6 50. Rg4 Rd4 51.
Kf2 Kh5 52. Rg8 Rd3 1/2-1/2

[Event "4NCL Division 3"]
[Site "Daventry Court ENG"]
[Date "2014.05.04"]
[Round "10.149"]
[White "Ivanov, George"]
[Black "Higgie, Charles L"]
[Result "0-1"]
[WhiteElo "1701"]
[BlackElo "1817"]
[PlyCount "92"]
[EventDate "2014.05.04"]
[WhiteTeam "Cambridge University 3"]
[BlackTeam "Holmes Chapel"]

1. e4 c5 2. Nf3 Nc6 3. d4 cxd4 4. Nxd4 Nf6 5. Nc3 d6 6. f3 e5 7. Nb3 Be6 8. Be3
d5 9. exd5 Nxd5 10. Nxd5 Bxd5 11. Be2 Be7 12. O-O O-O 13. Qd2 f5 14. Rad1 Bf7
15. Qc1 Qc7 16. Nc5 Rfd8 17. Rxd8+ Rxd8 18. Rd1 Nd4 19. Bxd4 Rxd4 20. Nb3 Rd7
21. Bd3 Qd8 22. Qe3 Rd5 23. Re1 Qc8 24. Qe2 Bf6 25. c4 Rd8 26. Qc2 g6 27. Nc1
Qc5+ 28. Kh1 Rc8 29. b3 b5 30. Ne2 Bg5 31. Ng1 bxc4 32. bxc4 Be3 33. Nh3 h6 34.
Qe2 f4 35. Qc2 g5 36. Qb2 Qd4 37. Qb7 Rd8 38. Rd1 Qxc4 39. Qb1 Qc7 40. Qb5 Bxa2
41. Qa6 Bf7 42. Qxh6 Rxd3 43. Qxg5+ Kh7 44. Qh4+ Kg7 45. Qg4+ Bg6 46. Ra1 Qc2
0-1

[Event "4NCL Division 3"]
[Site "Daventry Court ENG"]
[Date "2014.05.04"]
[Round "10.150"]
[White "Raeburn, Andrew L"]
[Black "Ivanov, Elizabeth"]
[Result "1/2-1/2"]
[WhiteElo "1804"]
[BlackElo "1592"]
[PlyCount "58"]
[EventDate "2014.05.04"]
[WhiteTeam "Holmes Chapel"]
[BlackTeam "Cambridge University 3"]

1. e4 e5 2. Nf3 Nc6 3. Bb5 a6 4. Ba4 b5 5. Bb3 Nf6 6. d3 Bc5 7. O-O d6 8. c3
Bb6 9. Bg5 O-O 10. Nbd2 Na5 11. Bc2 Nb7 12. d4 exd4 13. cxd4 h6 14. Be3 Bg4 15.
h3 Bh5 16. g4 Bg6 17. g5 hxg5 18. Bxg5 Qd7 19. Kh2 Nh5 20. Rg1 Kh7 21. Nf1 Rh8
22. Nh4 Kg8 23. Qf3 Bxd4 24. Nxg6 fxg6 25. Bb3+ Kh7 26. Bf7 Be5+ 27. Kh1 Nf4
28. Bb3 Raf8 29. Bxf4 Bxf4 1/2-1/2

[Event "4NCL Division 3"]
[Site "Daventry Court ENG"]
[Date "2014.05.04"]
[Round "10.155"]
[White "Fegan, Chris"]
[Black "Paul, Nathanael"]
[Result "1/2-1/2"]
[WhiteElo "2055"]
[BlackElo "1896"]
[PlyCount "68"]
[EventDate "2014.05.04"]
[WhiteTeam "BCM Rhinos (2)"]
[BlackTeam "Shropshire"]

1. d4 Nf6 2. e3 e6 3. Bd3 Be7 4. f4 d5 5. Nd2 b6 6. c3 Bb7 7. Ngf3 O-O 8. O-O
Nbd7 9. Ne5 a6 10. Qf3 Re8 11. g4 Nf8 12. f5 h6 13. h4 Bd6 14. fxe6 Nxe6 15.
Qf5 Qe7 16. c4 Bxe5 17. dxe5 Nc5 18. Nf3 Nxd3 19. exf6 Qe4 20. cxd5 Bxd5 21.
fxg7 Qxf5 22. gxf5 Kxg7 23. Bd2 Kh7 24. b3 Re4 25. Kh2 Rg4 26. Kh3 Rag8 27.
Ng5+ R8xg5 28. hxg5 Rg2 29. g6+ fxg6 30. fxg6+ Kg8 31. Bc3 Nf2+ 32. Rxf2 Rxf2
33. Rd1 c6 34. e4 Rf3+ 1/2-1/2

[Event "4NCL Division 3"]
[Site "Daventry Court ENG"]
[Date "2014.05.04"]
[Round "10.157"]
[White "Amato, Giampiero"]
[Black "Lewis, Christopher D"]
[Result "1-0"]
[WhiteElo "1982"]
[BlackElo "1731"]
[PlyCount "47"]
[EventDate "2014.05.04"]
[WhiteTeam "BCM Rhinos (2)"]
[BlackTeam "Shropshire"]

1. e4 c6 2. c4 d5 3. cxd5 cxd5 4. exd5 Qxd5 5. Nc3 Qa5 6. d4 Nf6 7. Nf3 e6 8.
Bd3 Be7 9. O-O O-O 10. Re1 Rd8 11. Bd2 a6 12. a3 Nc6 13. Na4 Qc7 14. Rc1 b5 15.
Nc5 Qb6 16. Be3 Bb7 17. Nxe6 fxe6 18. d5 Qc7 19. dxc6 Bc8 20. Qc2 h6 21. Bd4
Qf4 22. Be5 Qa4 23. Qxa4 bxa4 24. Bc2 1-0

[Event "4NCL Division 3"]
[Site "Daventry Court ENG"]
[Date "2014.05.04"]
[Round "10.158"]
[White "Tarr, Steve F"]
[Black "Kane, Robert (Bob) B"]
[Result "0-1"]
[WhiteElo "1743"]
[BlackElo "1865"]
[PlyCount "56"]
[EventDate "2014.05.04"]
[WhiteTeam "Shropshire"]
[BlackTeam "BCM Rhinos (2)"]

1. d4 e6 2. Bf4 d5 3. e3 f5 4. Bd3 Nf6 5. h3 Bd6 6. Nf3 Nc6 7. c3 Ne7 8. Ne5 c6
9. Nd2 Ng6 10. Ndf3 Nxf4 11. exf4 Bd7 12. g4 g6 13. gxf5 exf5 14. Qe2 Ne4 15.
O-O-O Qa5 16. Nxd7 Bxf4+ 17. Kb1 Kxd7 18. Bxe4 fxe4 19. Ne5+ Bxe5 20. Qg4+ Kc7
21. dxe5 Qc5 22. Rhe1 Rae8 23. f4 exf3 24. Qxf3 Rhf8 25. Qg3 Qf2 26. Qg4 Qf5+
27. Qxf5 Rxf5 28. e6 Kd6 0-1

[Event "4NCL Division 3"]
[Site "Daventry Court ENG"]
[Date "2014.05.04"]
[Round "10.165"]
[White "David, Ivan"]
[Black "Mercs, Peter J"]
[Result "0-1"]
[WhiteElo "1845"]
[BlackElo "2080"]
[PlyCount "132"]
[EventDate "2014.05.04"]
[WhiteTeam "e2e4.org.uk 4"]
[BlackTeam "Ashfield-Breadsall"]

1. Nf3 c5 2. c4 g6 3. g3 Bg7 4. Bg2 e5 5. Nc3 Ne7 6. O-O O-O 7. a3 a5 8. Ne1
Nbc6 9. Nc2 d6 10. Ne3 Be6 11. Ned5 Bxd5 12. Nxd5 Nxd5 13. Bxd5 Qd7 14. d3 Rae8
15. Rb1 h6 16. Qa4 Qc7 17. Bd2 Ra8 18. e3 Ne7 19. Bg2 f5 20. Qb5 Ra7 21. b4
cxb4 22. axb4 a4 23. Ra1 a3 24. Ra2 Rc8 25. Rc1 Kh7 26. Rc3 e4 27. d4 Ra6 28.
c5 dxc5 29. bxc5 Rca8 30. Rb3 R8a7 31. Bf1 f4 32. Qe8 fxe3 33. fxe3 Rf6 34. Bg2
Rf8 35. Qb5 Nc6 36. Bc3 Qf7 37. Ba1 h5 38. Bxe4 Re8 39. Bxc6 bxc6 40. Qd3 Rae7
41. Raxa3 Bh6 42. Qf1 Bxe3+ 43. Kg2 Qxf1+ 44. Kxf1 Rf8+ 45. Kg2 Rf2+ 46. Kh3
Re2 47. Rb2 Re1 48. Rb8 g5 49. Raa8 Kg6 50. Rg8+ Kf5 51. Rgf8+ Ke6 52. d5+ Kxd5
53. Rf5+ Kc4 54. Bf6 g4+ 55. Kh4 Re2 56. Kxh5 Rxh2+ 57. Kxg4 Rb7 58. Ra4+ Kb3
59. Re4 Rb4 60. Rxb4+ Kxb4 61. Be7 Rh7 62. Bd6 Kc4 63. Kf3 Bc1 64. Ke4 Rh1 65.
Ke5 Rh6 66. Rf1 Bb2+ 0-1

[Event "4NCL Division 3"]
[Site "Daventry Court ENG"]
[Date "2014.05.04"]
[Round "10.169"]
[White "Flynn, David"]
[Black "Taylor, Robert P"]
[Result "1/2-1/2"]
[WhiteElo "1894"]
[BlackElo "1909"]
[PlyCount "121"]
[EventDate "2014.05.04"]
[WhiteTeam "e2e4.org.uk 4"]
[BlackTeam "Ashfield-Breadsall"]

1. e4 e5 2. Nf3 d6 3. d4 Nd7 4. Bc4 h6 5. Nc3 Ngf6 6. h3 Be7 7. Be3 c6 8. a4
Qc7 9. Bb3 Nf8 10. d5 Bd7 11. a5 Ng6 12. Qd2 cxd5 13. Nxd5 Nxd5 14. Bxd5 Bc6
15. O-O Bxd5 16. Qxd5 O-O 17. c4 Rfd8 18. Nd2 Bf6 19. Rfd1 Ne7 20. Qb5 Qc6 21.
Qb4 Qc7 22. Nb1 Nc6 23. Qb5 Nd4 24. Bxd4 exd4 25. Qd5 Qc5 26. Nd2 Rac8 27. Rac1
Qb4 28. Qb5 Qxb5 29. cxb5 d3 30. b3 Rc2 31. Rxc2 dxc2 32. Rc1 Rc8 33. Nc4 Rc5
34. b6 axb6 35. axb6 Rb5 36. Rxc2 Rxb3 37. Kf1 Be5 38. Ke2 g5 39. Ra2 Bd4 40.
Nxd6 Rxb6 41. Nf5 Bg7 42. Ra8+ Kh7 43. Nxg7 Kxg7 44. g3 Rb3 45. Rb8 b5 46. Rb7
b4 47. e5 Kg6 48. Rb6+ Kf5 49. Rf6+ Kxe5 50. Rxf7 Kd4 51. Kd2 Rb2+ 52. Kc1 Re2
53. Rf3 Kc4 54. Kb1 b3 55. Rf8 Kc3 56. Rc8+ Kd2 57. Rc6 Rxf2 58. Rxh6 Ke3 59.
Rg6 Rf5 60. h4 gxh4 61. gxh4 1/2-1/2

[Event "4NCL Division 3"]
[Site "Daventry Court ENG"]
[Date "2014.05.04"]
[Round "10.170"]
[White "Graham, Neil"]
[Black "Winter, Kevin"]
[Result "1/2-1/2"]
[WhiteElo "1847"]
[BlackElo "1837"]
[PlyCount "29"]
[EventDate "2014.05.04"]
[WhiteTeam "Ashfield-Breadsall"]
[BlackTeam "e2e4.org.uk 4"]

1. d4 d5 2. e4 dxe4 3. Nc3 Nf6 4. f3 e3 5. Bxe3 Bf5 6. Bd3 Bxd3 7. Qxd3 e6 8.
Nge2 c6 9. O-O Be7 10. h3 Nbd7 11. a3 a5 12. Ne4 O-O 13. g4 Nd5 14. Bd2 N7f6
15. h4 1/2-1/2

[Event "4NCL Division 3"]
[Site "Daventry Court ENG"]
[Date "2014.05.04"]
[Round "10.175"]
[White "Selway, Richard P"]
[Black "Wallace, Paul A"]
[Result "1/2-1/2"]
[WhiteElo "2040"]
[BlackElo "2164"]
[PlyCount "118"]
[EventDate "2014.05.04"]
[WhiteTeam "KJCA Knights"]
[BlackTeam "Cheddleton 2"]

1. e4 e5 2. Nc3 Nf6 3. f4 d5 4. fxe5 Nxe4 5. d3 Nxc3 6. bxc3 Be7 7. d4 Bf5 8.
Nf3 O-O 9. Bd3 Bxd3 10. cxd3 c5 11. dxc5 Bxc5 12. d4 Be7 13. O-O Nc6 14. Qe1
Qd7 15. Qg3 f6 16. Bh6 Rf7 17. Rae1 Nd8 18. Re2 Kh8 19. e6 Nxe6 20. Ne5 Qe8 21.
Nxf7+ Qxf7 22. Rxe6 gxh6 23. Rfe1 Bf8 24. Qf3 Kg7 25. Qxd5 Re8 26. Qf5 Rxe6 27.
Qxe6 Qc7 28. Re3 Bd6 29. Rf3 Bxh2+ 30. Kh1 Bf4 31. c4 h5 32. c5 h4 33. Qg4+ Bg5
34. Qe6 h5 35. Rb3 Kh6 36. Qe4 a6 37. c6 Qd6 38. Rc3 Qb4 39. Qd3 Bf4 40. d5 Qe7
41. Qd1 Bc7 42. Qd2+ Kg6 43. Qd3+ Kg7 44. Qd1 Qe5 45. Rh3 Kg6 46. Rxh4 Bd6 47.
Rh3 Bc7 48. Kg1 Bd6 49. Kf1 Qf4+ 50. Rf3 Qh2 51. Qd3+ Kg7 52. Rh3 Qf4+ 53. Ke2
Qg4+ 54. Kf1 Qf4+ 55. Rf3 Qc1+ 56. Ke2 Qb2+ 57. Qd2 Qe5+ 58. Kd1 Qa1+ 59. Ke2
Qe5+ 1/2-1/2

[Event "4NCL Division 3"]
[Site "Daventry Court ENG"]
[Date "2014.05.04"]
[Round "10.176"]
[White "Richardson, Alex"]
[Black "Anilkumar, Anantha P (jnr)"]
[Result "1-0"]
[WhiteElo "2107"]
[BlackElo "1750"]
[PlyCount "103"]
[EventDate "2014.05.04"]
[WhiteTeam "Cheddleton 2"]
[BlackTeam "KJCA Knights"]

1. c4 Nf6 2. g3 g6 3. Bg2 Bg7 4. Nc3 O-O 5. d4 c5 6. Nf3 cxd4 7. Nxd4 Nc6 8.
O-O Qb6 9. Nb3 d6 10. Bg5 Qd8 11. Rc1 h6 12. Bf4 Nh5 13. Be3 Be6 14. c5 Bxb3
15. Qxb3 Na5 16. Qa4 dxc5 17. Bxc5 Rc8 18. Rfd1 Qe8 19. Qxa5 b6 20. Bxb6 axb6
21. Qb4 Rc5 22. Qxb6 Qc8 23. Qb7 Bxc3 24. Rxc3 Qxb7 25. Bxb7 Rb5 26. Rb3 Rxb3
27. axb3 Nf6 28. Bd5 Rb8 29. Bc4 Ne4 30. Rd4 Nd6 31. Rd2 Rb4 32. Rc2 e6 33. f3
Kg7 34. Kf2 e5 35. e4 f6 36. Ke3 Kf8 37. Kd3 Ke7 38. Kc3 Rb8 39. Rd2 Kd7 40.
Rd5 Kc6 41. Ra5 Rb6 42. b4 g5 43. b3 h5 44. h4 gxh4 45. gxh4 Rb8 46. Ra6+ Kc7
47. b5 Rb6 48. Kb4 Kb7 49. Kc5 Nxc4 50. bxc4 Rxa6 51. bxa6+ Kxa6 52. Kd6 1-0

[Event "4NCL Division 3"]
[Site "Daventry Court ENG"]
[Date "2014.05.04"]
[Round "10.177"]
[White "Hand, Freddie"]
[Black "Armstrong, Malcolm J"]
[Result "0-1"]
[WhiteElo "1754"]
[BlackElo "2114"]
[PlyCount "144"]
[EventDate "2014.05.04"]
[WhiteTeam "KJCA Knights"]
[BlackTeam "Cheddleton 2"]

1. d4 d5 2. c4 c6 3. Nf3 Nf6 4. Nc3 a6 5. c5 g6 6. Bf4 Bg7 7. e3 O-O 8. Bd3 Re8
9. h3 Nfd7 10. O-O e5 11. dxe5 Nxc5 12. Bc2 Nbd7 13. e4 dxe4 14. Nxe4 Nxe4 15.
Bxe4 Nc5 16. Bc2 Ne6 17. Bg3 Qb6 18. Rb1 Rd8 19. Qe2 Nd4 20. Nxd4 Rxd4 21. Rfd1
Be6 22. b3 Rad8 23. Rxd4 Rxd4 24. Rd1 Bd5 25. Kh2 Rxd1 26. Bxd1 Qd4 27. Bc2 a5
28. Bd3 a4 29. Bc4 axb3 30. axb3 b5 31. Bxd5 Qxd5 32. Qe3 c5 33. f4 Bf8 34. Bh4
c4 35. bxc4 Qxc4 36. Qd2 b4 37. Bf2 b3 38. Bd4 h6 39. Bb2 Kh7 40. Qf2 Qe4 41.
Qd2 h5 42. Qc3 Qxf4+ 43. Kg1 Qb4 44. Qxb4 Bxb4 45. Kf2 g5 46. g4 Kg6 47. Ke2
Be7 48. Kd3 hxg4 49. hxg4 f5 50. gxf5+ Kxf5 51. Kc4 g4 52. Kxb3 g3 53. Bd4 Ke4
54. Bg1 Kxe5 55. Kc2 Ke4 56. Kd1 Kf3 57. Kd2 Bb4+ 58. Kd1 Kg2 59. Bb6 Kf1 60.
Kc2 Be1 61. Kd3 Bf2 62. Bc7 g2 63. Bh2 Bg3 64. Bg1 Kxg1 65. Ke2 Kh2 66. Kf3
g1=Q 67. Kg4 Qd4+ 68. Kh5 Kh3 69. Kh6 Kg4 70. Kh7 Kg5 71. Kg8 Kg6 72. Kf8 Qd8#
0-1

[Event "4NCL Division 3"]
[Site "Daventry Court ENG"]
[Date "2014.05.04"]
[Round "10.185"]
[White "Sully, David J"]
[Black "Smart, Michael R"]
[Result "1/2-1/2"]
[WhiteElo "2098"]
[BlackElo "2019"]
[PlyCount "30"]
[EventDate "2014.05.04"]
[WhiteTeam "The Full Ponty"]
[BlackTeam "Guildford 4"]

1. e4 Nf6 2. Nc3 d5 3. exd5 Nxd5 4. g3 c6 5. Bg2 Nf6 6. Nf3 Bg4 7. O-O e6 8. d4
Be7 9. h3 Bh5 10. Ne2 Nbd7 11. Nf4 Bxf3 12. Bxf3 O-O 13. Re1 Bd6 14. Nd3 Qc7
15. Qe2 Rfe8 1/2-1/2

[Event "4NCL Division 3"]
[Site "Daventry Court ENG"]
[Date "2014.05.04"]
[Round "10.186"]
[White "Punnett, Alan K"]
[Black "Adams, Mark A"]
[Result "1-0"]
[WhiteElo "2056"]
[BlackElo "1978"]
[PlyCount "51"]
[EventDate "2014.05.04"]
[WhiteTeam "Guildford 4"]
[BlackTeam "The Full Ponty"]

1. e4 c5 2. Nf3 a6 3. g3 b5 4. Bg2 Bb7 5. d3 e6 6. O-O d5 7. exd5 Bxd5 8. Nc3
Bb7 9. Ne4 Be7 10. Ne5 Nd7 11. Nxd7 Qxd7 12. Qg4 g6 13. Qf4 Rd8 14. Be3 Bxe4
15. dxe4 g5 16. Qf3 h5 17. Rad1 Qc7 18. Rxd8+ Bxd8 19. a4 Bf6 20. axb5 axb5 21.
Qe2 c4 22. Qd2 g4 23. Qb4 Qb8 24. e5 Bxe5 25. Bc6+ Kd8 26. Rd1+ 1-0